000 00535nam a2200217Ia 4500
008 170918s9999 xx 000 0 und d
020 _a9780060567361
050 _bM214 2005
100 _aMah, Adeline Yen
245 _aChinese cinderella :
245 _band the secret dragon society /
245 _cAdeline Yen Mah.
250 _aFirst edition.
260 _aNew York :
260 _bHarperTrophy,
260 _c2005
300 _a241 pages :
300 _bcolored illustration ;
300 _c19cm.
500 _a850
999 _c342089
_d342089